| 000 | 00466nam a2200181Ia 4500 | ||
|---|---|---|---|
| 005 | 20240605004744.0 | ||
| 008 | 240331s9999 xx 000 0 und d | ||
| 020 | _a8186962476 | ||
| 082 | _bPAT | ||
| 100 | _aPathak, A | ||
| 245 | 0 |
_aSocial implications of schooling : _bknowledge, pedagogy and consciousness |
|
| 250 | _a1 st | ||
| 260 |
_aIndia _bRainbow Publishers Ltd _c2002 |
||
| 300 | _a260 p., | ||
| 650 | _aEducation | ||
| 650 | _aSociology | ||
| 942 | _cL | ||
| 999 |
_c2934 _d2934 |
||